| 000 | 00355pam a2200157a 44500 | ||
|---|---|---|---|
| 008 | 230515b1985 xxu||||| |||| 00| 0 eng d | ||
| 020 | _aNULL | ||
| 041 | _aENGL | ||
| 082 | _a530.44 /ART | ||
| 100 | _aARTSIMOVICH L.A. | ||
| 245 | _aA PHYSICISTS ABC ON PLASMA | ||
| 250 | _aN.D. | ||
| 260 |
_aNULL _bMIR P _c1985 |
||
| 300 | _a124 PB | ||
| 650 | _aNULL | ||
| 999 |
_c620339 _d620339 |
||